Countries Hans Zimmer has Visited - Statistics

General Stats
  • This quiz has been taken 34 times
    9 since last reset
  • The average score is 32 of 38
Answer Stats
Continent Country % Correct
Europe Finland
100%
Europe France
100%
Asia Japan
100%
Europe Norway
100%
Europe Sweden
100%
Europe United Kingdom
100%
Oceania Australia
89%
Europe Austria
89%
Europe Belgium
89%
North America Canada
89%
Asia China
89%
Europe Denmark
89%
Europe Germany
89%
Europe Hungary
89%
Europe Ireland
89%
Europe Italy
89%
Europe Netherlands
89%
Oceania New Zealand
89%
Europe Poland
89%
Europe Portugal
89%
Europe Slovakia
89%
Europe Slovenia
89%
Europe Spain
89%
Europe Switzerland
89%
North America United States of America
89%
South America Chile
78%
Europe Czech Republic
78%
Europe Estonia
78%
Europe Latvia
78%
Europe Luxembourg
78%
Asia/ Europe Russia
78%
Asia South Korea
78%
Europe Bulgaria
67%
Europe Lithuania
67%
Asia Saudi Arabia
67%
Asia Singapore
67%
Asia United Arab Emirates
67%
Europe Vatican City
67%
No matching quizzes found
Score Distribution
Percent of People with Each Score
Percentile by Number Answered
Your Score History
You have not taken this quiz since the last reset